The truth about Port Arthur (Record no. 552341)

000 -LEADER
fixed length control field 00905cam a2200229Ka 4500
082 ## - DEWEY DECIMAL CLASSIFICATION NUMBER
Classification number 355.009247
Author Mark NOJ
-- D
100 1# - MAIN ENTRY--PERSONAL NAME
Personal name Nozhin, E. K.
9 (RLIN) 49560
245 14 - TITLE STATEMENT
Title The truth about Port Arthur
Statement of responsibility, etc. by E.K. Nojine ; translated and abridged by Captain A.B. Lindsay ; ed. by Major E.D. Swinton.
260 ## - PUBLICATION, DISTRIBUTION, ETC.
Place of publication, distribution, etc. London :
Name of publisher, distributor, etc. John Murray,
Date of publication, distribution, etc. 1908
300 ## - PHYSICAL DESCRIPTION
Extent 1 online resource (xxii, 395 p.)
500 ## - GENERAL NOTE
General note Includes index.
500 ## - GENERAL NOTE
General note Late publisher's proof copy of 1908 ed.
500 ## - GENERAL NOTE
General note No Murray file copy no.
500 ## - GENERAL NOTE
General note Two states of preface bound in. First state has manuscript annotations.
526 ## - STUDY PROGRAM INFORMATION NOTE
Program name 0
Interest level 0
Reading level 0
Title point value 355_009247000000000_NOJ
650 ## - SUBJECT ADDED ENTRY--TOPICAL TERM
Topical term or geographic name entry element MCE
9 (RLIN) 379
700 1# - ADDED ENTRY--PERSONAL NAME
Personal name Lindsay, A. B.
9 (RLIN) 49561
700 1# - ADDED ENTRY--PERSONAL NAME
Personal name Swinton, E. D.
9 (RLIN) 37962
856 40 - ELECTRONIC LOCATION AND ACCESS
Uniform Resource Identifier <a href="http://catalog.hathitrust.org/api/volumes/oclc/33225553.html">http://catalog.hathitrust.org/api/volumes/oclc/33225553.html</a>
856 40 - ELECTRONIC LOCATION AND ACCESS
Uniform Resource Identifier <a href="http://catalog.hathitrust.org/api/volumes/oclc/7235854.html">http://catalog.hathitrust.org/api/volumes/oclc/7235854.html</a>
942 ## - ADDED ENTRY ELEMENTS (KOHA)
Source of classification or shelving scheme
Koha item type Book
Holdings
Withdrawn status Lost status Source of classification or shelving scheme Damaged status Not for loan Permanent Location Current Location Shelving location Date acquired Total Checkouts Full call number Barcode Date last seen Price effective from Koha item type
          Military College of Engineering (MCE) Military College of Engineering (MCE)   01/14/2015   355.009247 NOJ MCE-ECT/36 01/14/2015 01/14/2015 Book
© 2023 Central Library, National University of Sciences and Technology. All Rights Reserved.